Stompoutloud /

Recorrido por distintas experiencias musicales realizadas desde la percusión interpretadas por grupos de ejecutantes y utilizando instrumentos no convencionales.

Guardado en:
Autor Corporativo: HBO.
Formato: Deslizar
Materias:
Etiquetas: Agregar Etiqueta
Sin Etiquetas, Sea el primero en etiquetar este registro!
LEADER 00767ngm a22002055g 4500
001 CEM.cems022776
008 130507b2000##################0###0#####d
005 20241115170838.0
245 1 0 |a Stompoutloud /  |c HBO. 
300 |a 46'. 
500 |a En soporte VHS, consultar en ventanilla. 
520 |a Recorrido por distintas experiencias musicales realizadas desde la percusión interpretadas por grupos de ejecutantes y utilizando instrumentos no convencionales. 
538 |a Soporte: VHS - Norma: Pal N - Color: Si - Grabación DRD 2000 - Hitachi=4685 
110 2 |a HBO. 
082 7 8 |/ POP 
653 |a MUSICA 
653 |a PERCUSION 
653 |a NIVEL PRIMARIO 
653 |a NIVEL SECUNDARIO 
859 |a CEMS  |b BIB. CEMS - Depto. Recursos Didacticos  |h 780  |i POP  |k DRD  |p 1419.12  |t Ej.1